Simplexová metóda využitím jazyka Java diplomová práca

Salvato in:
Dettagli Bibliografici
Autore principale: Albert, Gregor
Ente Autore: Fakulta hospodárskej informatiky EU. Katedra matematiky a aktuárstva
Altri autori: Simonka, Zsolt, 1974-
Natura: Libro
Lingua:slovacco
Pubblicazione: Bratislava 2018
Tags: Aggiungi Tag
Nessun Tag, puoi essere il primo ad aggiungerne!!

MARC

LEADER 00000nbm a2200000 4500
001 0245224
005 20180925080452.2
041 0 |a slo 
044 |a SK 
245 1 0 |a Simplexová metóda využitím jazyka Java  |b diplomová práca  |c Gregor Albert ; školiteľ: Zsolt Simonka 
264 1 |a Bratislava  |c 2018 
300 |a 50 s. 
100 1 |a Albert, Gregor 
700 1 |a Simonka, Zsolt, 1974- 
710 2 |a Fakulta hospodárskej informatiky EU. Katedra matematiky a aktuárstva